000 01571nam a2200457 i 4500
001 14726
003 KOSZ 005
005 20211109101439.0
008 071103s1971 pl a f f 000 0 pol
015 _aPB 1971/11516
035 _a991038001319705066
035 _a(PL-WaBN)b20181954-48omnis_nlop
035 _ab20181954
035 _a(OCoLC)749669197
035 _a(PL)b0000002018195
035 _a(EXLNZ-48OMNIS_NETWORK)9910488411805606
040 _aWA N
_cWA N
_dKOSZ 005/KK
080 _a697
080 _a631.2
080 _a636
100 1 _aSkarbek-Borowski, Włodzimierz
_d (1898-1972)
_eAutor
245 1 0 _aZoohigieniczne założenia projektowania pomieszczeń inwentarskich /
_cWłodzimierz Borowski.
250 _aWydanie 2 zmienione i uzupełnione
260 _aWarszawa :
_bPaństwowe Wydawnictwo Rolnicze i Leśne,
_c1971.
300 _a115, [1] stron :
_bilustracje ;
_c23 cm.
336 _2rdacontent
_aTekst
_btxt
337 _2rdamedia
_aBez urządzenia posredniczącego
_bn
338 _2rdacarrier
_aWolumin
_bnc
380 _aKsiążki
388 _a1901-2000
500 _aPoprz. wyd. pt. Ważniejsze...
504 _aBibliografia na stronach 113-[116].
650 7 _aBudownictwo wiejskie
_2DBN
650 7 _aKlimatyzacja
_2DBN
650 7 _aZootechnika
_2DBN
658 _aInżynieria i technika
658 _aArchitektura i budownictwo
856 _uhttp://koha.tu.koszalin.pl/cgi-bin/koha/opac-detail.pl?biblionumber=14726
_yKatalog online BPK
942 _2UKD
_cKS
999 _c14726
_d14726